[Event "Catalunya-chT Gp1"]
[Site "Barcelona"]
[Date "2024.02.10"]
[Round "4.10"]
[White "Ruiz Lupon, Neri"]
[Black "Travesset Ribera, Joaquin"]
[Result "1/2-1/2"]
[WhiteElo "1968"]
[BlackElo "2123"]
[PlyCount "96"]
[EventDate "2024.01.20"]
[EventType "team-tourn"]
[EventRounds "7"]
[EventCountry "ESP"]
[SourceTitle "CB11_2024"]
[SourceDate "2024.03.13"]
[SourceVersion "1"]
[SourceVersionDate "2024.03.13"]
[SourceQuality "1"]
[WhiteTeam "Cerdanyola Valles"]
[BlackTeam "Mollet"]
[WhiteTeamCountry "ESP"]
[BlackTeamCountry "ESP"]

1. e4 d5 2. exd5 Qxd5 3. Nc3 Qd8 4. d4 Nf6 5. Nf3 Bg4 6. Be2 e6 7. 0-0 Bxf3 8. Bxf3 c6 9. Bg5 Be7 10. Qd3 Nbd7 11. Rfe1 0-0 12. Ne2 Nd5 13. Bd2 a5 14. a3 Bg5 15. Be4 Bxd2 16. Qxd2 N7f6 17. Ng3 a4 18. Bf3 Qa5 19. Rad1 Qxd2 20. Rxd2 Rfd8 21. Red1 Nb6 22. Be2 Kf8 23. f3 Rd7 24. Kf2 Rad8 25. Nf1 g5 26. g3 h5 27. c3 Kg7 28. Bd3 Nfd5 29. Re1 Nc8 30. Re5 Kh6 31. Bc2 b5 32. h4 gxh4 33. gxh4 Nd6 34. Ng3 Nf4 35. Bd3 Rg8 36. Rc5 Rc7 37. Be4 Nd5 38. Bxd5 exd5 39. Re2 Nb7 40. Nf5+ Kh7 41. Ne7 Nxc5 42. Nxg8 Ne6 43. Nf6+ Kg6 44. Ne8 Rd7 45. Ke3 f6 46. f4 Kf7 47. f5 Ng7 48. Nxg7 Kxg7 1/2-1/2

[Event "Catalunya-chT Gp2 Final"]
[Site "Barcelona"]
[Date "2023.03.11"]
[Round "1.7"]
[White "Garcia Paolicchi, Raul"]
[Black "Ruiz Lupon, Neri"]
[Result "0-1"]
[WhiteElo "2085"]
[BlackElo "1968"]
[PlyCount "58"]
[EventDate "2023.03.11"]
[EventType "team-k.o."]
[EventRounds "4"]
[EventCountry "ESP"]
[SourceTitle "EXT 2024"]
[Source "ChessBase"]
[SourceDate "2023.10.10"]
[SourceVersion "1"]
[SourceVersionDate "2023.10.10"]
[SourceQuality "1"]
[WhiteTeam "Andorra"]
[BlackTeam "Cerdanyola Valles"]
[WhiteTeamCountry "AND"]
[BlackTeamCountry "ESP"]

1. d4 e6 2. Nf3 f5 3. c4 Nf6 4. a3 Be7 5. Nc3 0-0 6. Qc2 b6 7. e3 Bb7 8. Be2 Qe8 9. 0-0 Ne4 10. Nd2 Nf6 11. Bf3 Bxf3 12. Nxf3 Qh5 13. b3 a6 14. Bb2 Bd6 15. b4 g5 16. Rfd1 g4 17. Ne5 g3 18. h3 Bxe5 19. dxe5 Ng4 20. hxg4 Qh2+ 21. Kf1 Qh1+ 22. Ke2 Qxg2 23. Rg1 Qxf2+ 24. Kd3 Nc6 25. Ne2 f4 26. Nxf4 Qf3 27. Nh5 d5 28. Rxg3 Qe4+ 29. Kc3 Qxc4+ 0-1

[Event "Catalunya-chT Gp2"]
[Site "Barcelona"]
[Date "2023.03.04"]
[Round "7.8"]
[White "Nadal Fajardo, Ricard"]
[Black "Ruiz Lupon, Neri"]
[Result "1-0"]
[WhiteElo "2018"]
[BlackElo "1922"]
[PlyCount "81"]
[EventDate "2023.01.21"]
[EventType "team-tourn"]
[EventRounds "7"]
[EventCountry "ESP"]
[SourceTitle "CBM 213 Extra"]
[Source "ChessBase"]
[SourceDate "2023.05.31"]
[SourceVersion "1"]
[SourceVersionDate "2023.05.31"]
[SourceQuality "1"]
[WhiteTeam "Platja D'Aro"]
[BlackTeam "Cerdanyola Valles"]
[WhiteTeamCountry "ESP"]
[BlackTeamCountry "ESP"]

1. d4 d5 2. c4 e6 3. Nc3 Nf6 4. cxd5 exd5 5. Bg5 Be7 6. Qc2 Nbd7 7. e3 c6 8. Bd3 Nf8 9. Nf3 g6 10. 0-0 Ne6 11. Bh4 0-0 12. Ne5 Ng7 13. Qb3 Qb6 14. Qc2 Re8 15. Rac1 Qd8 16. a3 a5 17. Qb3 Bd6 18. f4 Be7 19. Na4 Nd7 20. Bf2 Rb8 21. e4 Nxe5 22. dxe5 dxe4 23. Bxe4 Be6 24. Qc2 Bf5 25. Rfd1 Qc8 26. Ba7 b5 27. Bxb8 Qxb8 28. Nc3 Qb6+ 29. Kh1 Qe3 30. Bxf5 Nxf5 31. Qe4 Qxe4 32. Nxe4 Ne3 33. Rd7 Nc4 34. g3 Kf8 35. b3 Bxa3 36. Ra1 Bb2 37. Ra2 Nb6 38. Rb7 Bd4 39. Rd2 Be3 40. Rd3 Nd5 41. Nc3 1-0

[Event "Catalunya-ch (Women)"]
[Site "Llinars del Valles"]
[Date "2022.11.01"]
[Round "7"]
[White "Ros Alonso, Joana"]
[Black "Ruiz Lupon, Neri"]
[Result "1-0"]
[WhiteElo "2022"]
[BlackElo "1889"]
[PlyCount "77"]
[EventDate "2022.10.28"]
[EventType "tourn"]
[EventRounds "7"]
[EventCountry "ESP"]
[SourceTitle "EXT 2024"]
[Source "ChessBase"]
[SourceDate "2023.10.10"]
[SourceVersion "1"]
[SourceVersionDate "2023.10.10"]
[SourceQuality "1"]

1. e4 c5 2. Nf3 e6 3. g3 Nc6 4. Bg2 Nf6 5. Nc3 d6 6. d3 Be7 7. 0-0 0-0 8. Re1 a6 9. h4 Qc7 10. Ne2 d5 11. exd5 exd5 12. d4 c4 13. Nc3 h6 14. Bf4 Bd6 15. Be5 Ne7 16. Bxf6 gxf6 17. Nh2 Be6 18. Qh5 Kg7 19. Ng4 Rh8 20. Ne3 Bb4 21. Bxd5 Bxc3 22. bxc3 Qa5 23. Bf3 Qxh5 24. Bxh5 Nd5 25. Nxd5 Bxd5 26. Re7 Rhe8 27. Rae1 Kf8 28. Rxe8+ Rxe8 29. Re2 Rxe2 30. Bxe2 Ke7 31. f3 Ke6 32. Kf2 b6 33. Ke3 Kd6 34. g4 Be6 35. f4 a5 36. f5 Bd5 37. Bf3 b5 38. Bxd5 Kxd5 39. a3 1-0

[Event "Catalunya-ch (Women)"]
[Site "Llinars del Valles"]
[Date "2022.10.31"]
[Round "6"]
[White "Ruiz Lupon, Neri"]
[Black "Vinolas Anglada, Laura"]
[Result "0-1"]
[WhiteElo "1889"]
[BlackElo "1847"]
[PlyCount "58"]
[EventDate "2022.10.28"]
[EventType "tourn"]
[EventRounds "7"]
[EventCountry "ESP"]
[SourceTitle "EXT 2024"]
[Source "ChessBase"]
[SourceDate "2023.10.10"]
[SourceVersion "1"]
[SourceVersionDate "2023.10.10"]
[SourceQuality "1"]

1. e4 e5 2. Nf3 Nc6 3. Bc4 Bc5 4. 0-0 Nf6 5. d4 Bxd4 6. Nxd4 Nxd4 7. f4 d6 8. fxe5 dxe5 9. Bg5 Qe7 10. Kh1 Bd7 11. Bxf6 gxf6 12. c3 Ne6 13. Qf3 Rg8 14. Nd2 Rg6 15. Rad1 Nf4 16. Qf2 Nxg2 17. Nb3 b6 18. Rg1 Nf4 19. Qh4 h5 20. Nc1 f5 21. Qxe7+ Kxe7 22. Bxf7 Rxg1+ 23. Kxg1 Bc6 24. Bd5 Bxd5 25. exd5 Rg8+ 26. Kf2 Rg2+ 27. Kf3 Rxb2 28. h4 Rc2 29. Ke3 Rxc3+ 0-1

[Event "Llinars del Valles op-A 13th"]
[Site "Llinars del Valles"]
[Date "2019.06.15"]
[Round "8"]
[White "Ruiz Lupon, Neri"]
[Black "Fernandez Climent, Albert"]
[Result "1/2-1/2"]
[WhiteElo "1643"]
[BlackElo "1580"]
[PlyCount "100"]
[EventDate "2019.03.30"]
[EventType "swiss"]
[EventRounds "8"]
[EventCountry "ESP"]
[SourceTitle "EXT 2020"]
[Source "ChessBase"]
[SourceDate "2019.10.17"]
[SourceVersion "1"]
[SourceVersionDate "2019.10.17"]
[SourceQuality "1"]

1. e4 c5 2. Nc3 a6 3. g3 b5 4. Bg2 Bb7 5. d3 e6 6. Nf3 Be7 7. 0-0 d6 8. h3 Nf6 9. Nh2 d5 10. e5 Nfd7 11. f4 Qb6 12. Nf3 Nc6 13. Kh2 b4 14. Ne2 Qc7 15. c3 Nb6 16. d4 c4 17. Ng5 g6 18. Qc2 Qd7 19. h4 Bxg5 20. fxg5 Ne7 21. Bh3 Nf5 22. Bxf5 exf5 23. Nf4 Qc6 24. Re1 Bc8 25. e6 Bxe6 26. Nxe6 fxe6 27. Qe2 Kf7 28. Bf4 Rhe8 29. Qd2 Nd7 30. Re3 e5 31. Bxe5 Nxe5 32. Rxe5 Rxe5 33. dxe5 Re8 34. Qd4 Qc7 35. Qxd5+ Kg7 36. Re1 Rd8 37. Qg2 Re8 38. Qd2 Rd8 39. Qf4 Rd3 40. e6 Qxf4 41. gxf4 Rd2+ 42. Kg3 Kf8 43. Kf3 Ke7 44. Re2 Rxe2 45. Kxe2 Kxe6 46. Ke3 Kd5 47. a3 a5 48. Kf3 Kc5 49. Ke3 Kd5 50. Kf3 Kc5 1/2-1/2

[Event "Llinars del Valles op-A 13th"]
[Site "Llinars del Valles"]
[Date "2019.06.01"]
[Round "6"]
[White "Deulonder Camins, Xavier"]
[Black "Ruiz Lupon, Neri"]
[Result "1/2-1/2"]
[WhiteElo "1905"]
[BlackElo "1643"]
[PlyCount "144"]
[EventDate "2019.03.30"]
[EventType "swiss"]
[EventRounds "8"]
[EventCountry "ESP"]
[SourceTitle "EXT 2020"]
[Source "ChessBase"]
[SourceDate "2019.10.17"]
[SourceVersion "1"]
[SourceVersionDate "2019.10.17"]
[SourceQuality "1"]

1. e4 e6 2. d4 d5 3. Nd2 Nf6 4. e5 Nfd7 5. Bd3 c5 6. c3 Nc6 7. Ne2 cxd4 8. cxd4 f6 9. exf6 Nxf6 10. 0-0 Bd6 11. Nf3 0-0 12. Bg5 Qb6 13. b3 Bd7 14. Rc1 Ng4 15. h3 Rxf3 16. hxg4 Rf7 17. Bb1 Re8 18. Qd3 g6 19. Be3 Qd8 20. g5 Ne7 21. Ng3 Bxg3 22. fxg3 Ref8 23. Rxf7 Rxf7 24. Bf4 Nc6 25. a3 Qb6 26. Be3 Na5 27. Ba2 Bb5 28. Qc3 Nc6 29. b4 a5 30. bxa5 Qxa5 31. Qc5 Be2 32. Qxa5 Nxa5 33. Rc8+ Rf8 34. Rxf8+ Kxf8 35. Kf2 Bd3 36. Bf4 Ke7 37. Ke3 Bc4 38. Bb1 Bf1 39. Kf2 Bb5 40. Bc2 Nc6 41. Be3 e5 42. dxe5 Nxe5 43. Bf4 Ke6 44. Bd1 Bc6 45. Bb3 b5 46. Ke2 Nd7 47. Ke3 Nc5 48. Bd1 Na4 49. Bg4+ Ke7 50. Kd4 Bb7 51. Bd2 Bc6 52. Bb4+ Kf7 53. Ke5 Bb7 54. Bd7 Nb6 55. Bxb5 Nc4+ 56. Kd4 Ke6 57. Bxc4 dxc4 58. Kxc4 Bxg2 59. Kc5 Kd7 60. Kb6 Bf3 61. a4 Bg2 62. a5 Bh1 63. a6 Bg2 64. Bd2 Bh1 65. Bf4 Bg2 66. a7 Bh1 67. Kc5 Ba8 68. Kd4 Ke6 69. g4 Bb7 70. Kc5 Kd7 71. Bb8 Bf3 72. Kd4 Ke6 1/2-1/2

[Event "Llinars del Valles op-A 13th"]
[Site "Llinars del Valles"]
[Date "2019.04.27"]
[Round "3"]
[White "Ruiz Lupon, Neri"]
[Black "Morais Carreras, Javier"]
[Result "1/2-1/2"]
[WhiteElo "1643"]
[BlackElo "1864"]
[PlyCount "141"]
[EventDate "2019.03.30"]
[EventType "swiss"]
[EventRounds "8"]
[EventCountry "ESP"]
[SourceTitle "EXT 2020"]
[Source "ChessBase"]
[SourceDate "2019.10.17"]
[SourceVersion "1"]
[SourceVersionDate "2019.10.17"]
[SourceQuality "1"]

1. e4 e5 2. Nf3 Nf6 3. Nxe5 d6 4. Nf3 Nxe4 5. Nc3 Nxc3 6. dxc3 Be7 7. Bf4 0-0 8. Qd2 Nd7 9. 0-0-0 Nc5 10. h4 Be6 11. Kb1 Qd7 12. Ng5 Qa4 13. Nxe6 fxe6 14. Be3 Ne4 15. Qe1 c5 16. f3 Nf6 17. h5 Qc6 18. h6 g6 19. c4 a6 20. Bd3 b5 21. Qg3 Qe8 22. Rde1 bxc4 23. Bxc4 d5 24. Bf1 Rb8 25. Bf4 Rb6 26. Re3 c4 27. Bc7 Rc6 28. Be5 Bc5 29. Re1 a5 30. Qh4 Be7 31. Qg3 a4 32. Bd4 a3 33. b3 cxb3 34. cxb3 Bb4 35. Rd1 Bd6 36. Be5 Qb8 37. Bxd6 Qxd6 38. Qxd6 Rxd6 39. Rh4 Ra8 40. Rb4 Kf7 41. Rb7+ Rd7 42. Rxd7+ Nxd7 43. Rc1 Kf6 44. Rc7 Nf8 45. Kc2 Kg5 46. Kd3 Kxh6 47. Kd4 Kg5 48. g3 Kf6 49. b4 Rd8 50. f4 g5 51. fxg5+ Kxg5 52. Bh3 Kf6 53. Ra7 e5+ 54. Kd3 Rb8 55. Kc3 d4+ 56. Kc4 Rd8 57. Rxa3 e4 58. Bg2 e3 59. Kd3 Ng6 60. Bf1 Ne5+ 61. Ke4 Ng4 62. Kd3 Nf2+ 63. Ke2 Ne4 64. Kf3 Nd2+ 65. Ke2 d3+ 66. Rxd3 Rxd3 67. Kxd3 Nxf1 68. a4 Ke5 69. a5 Kd5 70. g4 Nh2 71. Kxe3 1/2-1/2

[Event "Llinars del Valles op-A 13th"]
[Site "Llinars del Valles"]
[Date "2019.03.30"]
[Round "1"]
[White "Costa Trave, Jaume"]
[Black "Ruiz Lupon, Neri"]
[Result "1-0"]
[WhiteElo "1874"]
[BlackElo "1643"]
[PlyCount "49"]
[EventDate "2019.03.30"]
[EventType "swiss"]
[EventRounds "8"]
[EventCountry "ESP"]
[SourceTitle "EXT 2020"]
[Source "ChessBase"]
[SourceDate "2019.10.17"]
[SourceVersion "1"]
[SourceVersionDate "2019.10.17"]
[SourceQuality "1"]

1. f4 g6 2. e4 e6 3. d4 d5 4. e5 c5 5. c3 Nc6 6. Nf3 Qb6 7. a3 a5 8. a4 cxd4 9. Nxd4 Nxd4 10. Qxd4 Bc5 11. Bb5+ Bd7 12. Bxd7+ Kxd7 13. Qd2 Nh6 14. Qe2 Nf5 15. Na3 Rhd8 16. Nb5 Ke7 17. Rb1 d4 18. b4 axb4 19. cxb4 d3 20. bxc5 dxe2 21. cxb6 Rd1+ 22. Kxe2 Rxh1 23. Ba3+ Kd8 24. Rxh1 Rxa4 25. Rd1+ 1-0

[Event "Llinars del Valles op-A 12th"]
[Site "Llinars del Valles"]
[Date "2018.05.05"]
[Round "4"]
[White "Roca Planas, Edgar"]
[Black "Ruiz Lupon, Neri"]
[Result "1-0"]
[WhiteElo "1859"]
[BlackElo "1646"]
[PlyCount "87"]
[EventDate "2018.04.14"]
[EventType "swiss"]
[EventRounds "8"]
[EventCountry "ESP"]
[SourceTitle "CBM 184 Extra"]
[Source "ChessBase"]
[SourceDate "2018.06.28"]
[SourceVersion "1"]
[SourceVersionDate "2018.06.28"]
[SourceQuality "1"]

1. e4 e6 2. d4 d5 3. Nc3 Nf6 4. e5 Nfd7 5. f4 c5 6. Nf3 Nc6 7. Be3 h6 8. Qd2 g5 9. fxg5 cxd4 10. Nxd4 Ndxe5 11. Be2 h5 12. 0-0-0 Ng6 13. Rhf1 Be7 14. Bb5 Bd7 15. Bxc6 bxc6 16. Nb3 e5 17. Nc5 Bg4 18. Qf2 Rh7 19. Rd2 Bxg5 20. N3e4 Bxe3 21. Nf6+ Ke7 22. Qxe3 Rg7 23. h3 Bc8 24. Nxh5 Rg8 25. Qf2 f5 26. g4 f4 27. Re2 Kd6 28. Nd3 Qg5 29. Kb1 Ba6 30. Qc5+ Kd7 31. Rfe1 e4 32. Nb4 Bxe2 33. Qxc6+ Ke7 34. Nxd5+ Kf7 35. Qd7+ Ne7 36. Nxe7 Qxe7 37. Qf5+ Ke8 38. Nf6+ Kd8 39. Nxg8 Qb4 40. Rxe2 Rb8 41. c3 Qxc3 42. Qf6+ Qxf6 43. Nxf6 e3 44. Nd5 1-0

[Event "Llinars del Valles op 11th B"]
[Site "Llinars del Valles"]
[Date "2017.06.17"]
[Round "9.12"]
[White "Ridao Gimeno, Oscar"]
[Black "Ruiz Lupon, Neri"]
[Result "0-1"]
[WhiteElo "1646"]
[BlackElo "1287"]
[PlyCount "98"]
[EventDate "2017.04.22"]
[EventType "swiss"]
[EventRounds "9"]
[EventCountry "ESP"]
[SourceTitle "EXT 2024"]
[Source "ChessBase"]
[SourceDate "2023.10.10"]
[SourceVersion "1"]
[SourceVersionDate "2023.10.10"]
[SourceQuality "1"]

1. d4 Nf6 2. c4 g6 3. Nc3 Bg7 4. e4 d6 5. Bg5 0-0 6. Qd2 Re8 7. h3 Na6 8. Nf3 b6 9. a3 Bb7 10. Bd3 e5 11. d5 Nc5 12. Bc2 a5 13. b3 c6 14. 0-0 Qc7 15. Rad1 Rad8 16. Ne1 cxd5 17. Bxf6 Bxf6 18. Nxd5 Bxd5 19. Qxd5 Ne6 20. Qd3 Nf4 21. Qf3 Bg7 22. Nd3 Ne6 23. Rd2 Bh6 24. Qd1 Bxd2 25. Qxd2 Nd4 26. Bd1 Qc6 27. Qe3 b5 28. Nb2 Rb8 29. f4 bxc4 30. Nxc4 Qc5 31. Kh1 a4 32. fxe5 dxe5 33. Qf2 Rf8 34. Nd2 Nxb3 35. Nxb3 Qxf2 36. Rxf2 axb3 37. Rb2 Rb7 38. Kg1 Ra8 39. Kh2 Rxa3 40. Kg3 Ra4 41. Kh2 Rb6 42. Rxb3 Rxb3 43. Bxb3 Rxe4 44. Kg1 Kg7 45. Kf2 f5 46. g3 Kf6 47. Kf3 Rd4 48. Kf2 h5 49. Ke3 h4 0-1

[Event "Llinars del Valles op 11th B"]
[Site "Llinars del Valles"]
[Date "2017.06.10"]
[Round "8.12"]
[White "Ruiz Lupon, Neri"]
[Black "Dartmann Aubanell, Catriona"]
[Result "0-1"]
[WhiteElo "1287"]
[BlackElo "1617"]
[PlyCount "76"]
[EventDate "2017.04.22"]
[EventType "swiss"]
[EventRounds "9"]
[EventCountry "ESP"]
[SourceTitle "EXT 2024"]
[Source "ChessBase"]
[SourceDate "2023.10.10"]
[SourceVersion "1"]
[SourceVersionDate "2023.10.10"]
[SourceQuality "1"]

1. e4 e6 2. d4 d5 3. Bd3 dxe4 4. Bxe4 Nf6 5. Bf3 Nbd7 6. Ne2 Bd6 7. 0-0 e5 8. Re1 0-0 9. Nbc3 Re8 10. Ne4 Nxe4 11. Bxe4 exd4 12. Nxd4 Bxh2+ 13. Kh1 Bd6 14. Nf3 Nf6 15. Bg5 Rxe4 16. Rxe4 Nxe4 17. Bxd8 Nxf2+ 18. Kg1 Nxd1 19. Rxd1 f6 20. Re1 Bd7 21. Be7 Re8 22. Bxd6 Rxe1+ 23. Nxe1 cxd6 24. Kf2 Kf7 25. Ke3 Ke6 26. Kf4 g5+ 27. Kg4 Be8 28. Nf3 h5+ 29. Kg3 Bc6 30. Nd2 h4+ 31. Kh3 Bd7 32. g3 hxg3 33. Kxg3 f5 34. Nf3 f4+ 35. Kg4 Kf6+ 36. Kh5 g4 37. Nd4 f3 38. Kh4 f2 0-1

[Event "Llinars del Valles op 11th B"]
[Site "Llinars del Valles"]
[Date "2017.06.03"]
[Round "7.10"]
[White "Rodriguez Sorribes, Josep Antoni"]
[Black "Ruiz Lupon, Neri"]
[Result "1/2-1/2"]
[WhiteElo "1587"]
[BlackElo "1287"]
[PlyCount "62"]
[EventDate "2017.04.22"]
[EventType "swiss"]
[EventRounds "9"]
[EventCountry "ESP"]
[SourceTitle "EXT 2024"]
[Source "ChessBase"]
[SourceDate "2023.10.10"]
[SourceVersion "1"]
[SourceVersionDate "2023.10.10"]
[SourceQuality "1"]

1. e4 e6 2. Nf3 d5 3. exd5 exd5 4. d4 Bd6 5. c4 dxc4 6. Bxc4 Nf6 7. 0-0 0-0 8. Bg5 h6 9. Bh4 Bf5 10. Nc3 Nbd7 11. Nd5 c6 12. Ne3 Be4 13. Bd3 Qc7 14. Bxe4 Nxe4 15. Qd3 Ndf6 16. Nc4 Bf4 17. Bxf6 Nxf6 18. g3 Bd6 19. Rfe1 Bb4 20. Re2 b5 21. Nce5 Rac8 22. Rc2 Qb6 23. Rac1 c5 24. a3 c4 25. Qe2 Bd6 26. b3 Bxa3 27. Ra1 Bd6 28. bxc4 Bxe5 29. dxe5 Rfe8 30. cxb5 Rxc2 31. Qxc2 Ng4 1/2-1/2

[Event "Llinars del Valles op 11th B"]
[Site "Llinars del Valles"]
[Date "2017.05.20"]
[Round "5.16"]
[White "Maria Oproae, Alex Maria"]
[Black "Ruiz Lupon, Neri"]
[Result "1/2-1/2"]
[WhiteElo "1549"]
[BlackElo "1287"]
[PlyCount "53"]
[EventDate "2017.04.22"]
[EventType "swiss"]
[EventRounds "9"]
[EventCountry "ESP"]
[SourceTitle "EXT 2024"]
[Source "ChessBase"]
[SourceDate "2023.10.10"]
[SourceVersion "1"]
[SourceVersionDate "2023.10.10"]
[SourceQuality "1"]

1. e4 e6 2. d4 d5 3. e5 c5 4. c3 Qb6 5. Bd3 Nc6 6. Nf3 Bd7 7. 0-0 cxd4 8. cxd4 Nxd4 9. Nxd4 Qxd4 10. Nc3 Qb6 11. a3 Rc8 12. Bc2 a6 13. Rb1 Be7 14. Be3 Qc7 15. Qg4 Kf8 16. Qg3 Bc5 17. Rbd1 Bxa3 18. bxa3 Qxc3 19. Rc1 Qxa3 20. Bxh7 d4 21. Rxc8+ Bxc8 22. Bxg8 dxe3 23. Bxf7 Kxf7 24. fxe3+ Kg8 25. Qg5 Qc5 26. Qd8+ Kh7 27. Qh4+ 1/2-1/2

[Event "Llinars del Valles op 11th B"]
[Site "Llinars del Valles"]
[Date "2017.05.06"]
[Round "3.21"]
[White "Castaneda Munoz, Antonio"]
[Black "Ruiz Lupon, Neri"]
[Result "0-1"]
[WhiteElo "1568"]
[BlackElo "1287"]
[PlyCount "78"]
[EventDate "2017.04.22"]
[EventType "swiss"]
[EventRounds "9"]
[EventCountry "ESP"]
[SourceTitle "EXT 2024"]
[Source "ChessBase"]
[SourceDate "2023.10.10"]
[SourceVersion "1"]
[SourceVersionDate "2023.10.10"]
[SourceQuality "1"]

1. d4 Nf6 2. Nf3 g6 3. Bf4 Bg7 4. e3 d6 5. Nbd2 0-0 6. h3 Nc6 7. c3 Re8 8. Bh2 e5 9. Bb5 e4 10. Ng1 a6 11. Ba4 b5 12. Bb3 a5 13. d5 Ne5 14. Bxe5 Rxe5 15. f4 exf3 16. Qxf3 a4 17. Bc2 Nxd5 18. 0-0-0 Be6 19. Be4 f5 20. Bxd5 Bxd5 21. Qe2 Bxa2 22. Ngf3 Rc5 23. Nd4 b4 24. c4 Qe8 25. Qf3 Bxc4 26. Nxc4 Rxc4+ 27. Kb1 Qe4+ 28. Qxe4 fxe4 29. Rhf1 Be5 30. Rc1 Rxc1+ 31. Rxc1 c5 32. Nc6 Bg3 33. Rc4 Re8 34. Kc2 Kf7 35. Kd2 Kf6 36. Na7 Ke5 37. Nb5 Rf8 38. Kc2 Rf2+ 39. Kb1 Rxg2 0-1